<?xml version="1.0" encoding="UTF-8"?>
<record
    xmlns:xsi="http://www.w3.org/2001/XMLSchema-instance"
    xsi:schemaLocation="http://www.loc.gov/MARC21/slim http://www.loc.gov/standards/marcxml/schema/MARC21slim.xsd"
    xmlns="http://www.loc.gov/MARC21/slim">

  <leader>01888nam a22004211i 4500</leader>
  <controlfield tag="001">bslw10110052</controlfield>
  <controlfield tag="003">UtOrBLW</controlfield>
  <controlfield tag="005">20240305165700.0</controlfield>
  <controlfield tag="006">m     o  d        </controlfield>
  <controlfield tag="007">cr un ---uuuua</controlfield>
  <controlfield tag="008">231212s2022    bl      ob    000 0 por d</controlfield>
  <datafield tag="020" ind1=" " ind2=" ">
    <subfield code="a">9786555154580</subfield>
    <subfield code="q">(Ebook)</subfield>
  </datafield>
  <datafield tag="035" ind1=" " ind2=" ">
    <subfield code="a">42664</subfield>
  </datafield>
  <datafield tag="040" ind1=" " ind2=" ">
    <subfield code="a">UtOrBLW</subfield>
    <subfield code="b">eng</subfield>
    <subfield code="e">rda</subfield>
    <subfield code="c">UtOrBLW</subfield>
  </datafield>
  <datafield tag="043" ind1=" " ind2=" ">
    <subfield code="a">s-bl---</subfield>
  </datafield>
  <datafield tag="050" ind1=" " ind2="4">
    <subfield code="a">KHD256</subfield>
    <subfield code="b">V45 2022</subfield>
  </datafield>
  <datafield tag="082" ind1="0" ind2="4">
    <subfield code="a">347.81016</subfield>
    <subfield code="2">23</subfield>
  </datafield>
  <datafield tag="100" ind1="1" ind2=" ">
    <subfield code="a">Veloso, Gracielle,</subfield>
    <subfield code="e">author.</subfield>
  </datafield>
  <datafield tag="245" ind1="1" ind2="0">
    <subfield code="a">Concursos de cart&#xF3;rio :</subfield>
    <subfield code="b">pr&#xE1;tica para a segunda fase /</subfield>
    <subfield code="c">Gracielle Veloso, autora ; Christiano Cassettari, coordena&#xE7;&#xE3;o.</subfield>
  </datafield>
  <datafield tag="264" ind1=" " ind2="1">
    <subfield code="a">Indaiatuba, SP :</subfield>
    <subfield code="b">Editora Foco,</subfield>
    <subfield code="c">2022.</subfield>
  </datafield>
  <datafield tag="300" ind1=" " ind2=" ">
    <subfield code="a">1 online resource (xv, 251 pages)</subfield>
  </datafield>
  <datafield tag="336" ind1=" " ind2=" ">
    <subfield code="a">text</subfield>
    <subfield code="b">txt</subfield>
    <subfield code="2">rdacontent</subfield>
  </datafield>
  <datafield tag="337" ind1=" " ind2=" ">
    <subfield code="a">computer</subfield>
    <subfield code="b">c</subfield>
    <subfield code="2">rdamedia</subfield>
  </datafield>
  <datafield tag="338" ind1=" " ind2=" ">
    <subfield code="a">online resource</subfield>
    <subfield code="b">cr</subfield>
    <subfield code="2">rdacarrier</subfield>
  </datafield>
  <datafield tag="504" ind1=" " ind2=" ">
    <subfield code="a">Includes bibliographical references.</subfield>
  </datafield>
  <datafield tag="650" ind1=" " ind2="0">
    <subfield code="a">Notaries</subfield>
    <subfield code="x">Licenses</subfield>
    <subfield code="z">Brazil.</subfield>
  </datafield>
  <datafield tag="650" ind1=" " ind2="0">
    <subfield code="a">Notaries</subfield>
    <subfield code="x">Licenses</subfield>
    <subfield code="z">Brazil</subfield>
    <subfield code="x">Examinations</subfield>
    <subfield code="v">Study guides.</subfield>
  </datafield>
  <datafield tag="650" ind1=" " ind2="0">
    <subfield code="a">Notaries</subfield>
    <subfield code="z">Brazil</subfield>
    <subfield code="v">Examinations, questions, etc.</subfield>
  </datafield>
  <datafield tag="700" ind1="1" ind2=" ">
    <subfield code="a">Cassettari, Christiano,</subfield>
    <subfield code="e">editor.</subfield>
  </datafield>
  <datafield tag="856" ind1="4" ind2="0">
    <subfield code="u">https://app.vlex.com/#/sources/42664</subfield>
  </datafield>
  <datafield tag="912" ind1=" " ind2=" ">
    <subfield code="a">1993</subfield>
    <subfield code="b">12/12/2023</subfield>
    <subfield code="m">10110052</subfield>
    <subfield code="n">cha</subfield>
    <subfield code="c">OE</subfield>
    <subfield code="o">000000-1</subfield>
    <subfield code="g">2020</subfield>
    <subfield code="h">12/20/2023</subfield>
    <subfield code="d">2020</subfield>
    <subfield code="e">12/20/2023</subfield>
    <subfield code="k">1</subfield>
  </datafield>
  <datafield tag="911" ind1=" " ind2=" ">
    <subfield code="1">Vlex</subfield>
    <subfield code="2">Original</subfield>
  </datafield>
  <datafield tag="942" ind1=" " ind2=" ">
    <subfield code="c">RAA</subfield>
  </datafield>
  <datafield tag="952" ind1=" " ind2=" ">
    <subfield code="0">0</subfield>
    <subfield code="1">0</subfield>
    <subfield code="4">0</subfield>
    <subfield code="7">0</subfield>
    <subfield code="8">VLEX</subfield>
    <subfield code="9">331272</subfield>
    <subfield code="a">BD-UIN</subfield>
    <subfield code="b">BD-UIN</subfield>
    <subfield code="d">2024-03-05</subfield>
    <subfield code="l">0</subfield>
    <subfield code="p">42664</subfield>
    <subfield code="r">2024-03-05</subfield>
    <subfield code="w">2024-03-05</subfield>
    <subfield code="y">RAA</subfield>
  </datafield>
  <datafield tag="970" ind1=" " ind2=" ">
    <subfield code="d">12/20/2023</subfield>
    <subfield code="a">Batch Comment</subfield>
    <subfield code="k">Comment</subfield>
    <subfield code="c">082 had an extra space in the $a. Double check the 082's for extra spaces</subfield>
    <subfield code="t">911</subfield>
    <subfield code="s">2</subfield>
    <subfield code="e">1993</subfield>
    <subfield code="q">2020</subfield>
  </datafield>
  <datafield tag="970" ind1=" " ind2=" ">
    <subfield code="d">12/20/2023</subfield>
    <subfield code="a">Comment</subfield>
    <subfield code="k">Comment</subfield>
    <subfield code="c">Does this record need an 043? I thougt we only added thee if the source is in more than one language?</subfield>
    <subfield code="t">970</subfield>
    <subfield code="s">q</subfield>
    <subfield code="e">1993</subfield>
    <subfield code="q">2020</subfield>
  </datafield>
  <datafield tag="970" ind1=" " ind2=" ">
    <subfield code="d">12/20/2023</subfield>
    <subfield code="a">Comment</subfield>
    <subfield code="k">Comment</subfield>
    <subfield code="c">Not sure about the first 650. Would divide it into two. Ex. Notaries</subfield>
    <subfield code="x">Licenses</subfield>
    <subfield code="z">Brazil and Notaries</subfield>
    <subfield code="x">Licenses</subfield>
    <subfield code="z">Brazil</subfield>
    <subfield code="x">Examinations</subfield>
    <subfield code="v">Study guides.</subfield>
    <subfield code="t">970</subfield>
    <subfield code="s">q</subfield>
    <subfield code="e">1993</subfield>
    <subfield code="q">2020</subfield>
  </datafield>
  <datafield tag="972" ind1=" " ind2=" ">
    <subfield code="a">QCed by 2020</subfield>
  </datafield>
  <datafield tag="999" ind1=" " ind2=" ">
    <subfield code="c">173365</subfield>
    <subfield code="d">173365</subfield>
  </datafield>
</record>
